[Event "POL-chT3 Podkarpackie"]
[Site "Czudec"]
[Date "2016.06.19"]
[Round "9.12"]
[White "Starzec, Klaudia"]
[Black "Pedrak, Paulina"]
[Result "0-1"]
[WhiteElo "1275"]
[BlackElo "1572"]
[PlyCount "144"]
[EventDate "2016.05.27"]
[EventType "team-tourn"]
[EventRounds "9"]
[EventCountry "POL"]
[SourceTitle "EXT 2018"]
[Source "ChessBase"]
[SourceDate "2017.10.13"]
[SourceVersion "1"]
[SourceVersionDate "2017.10.13"]
[SourceQuality "1"]
[WhiteTeam "Sedziszow Malopolski"]
[BlackTeam "Pilzno GKSz Hetman II"]
[WhiteTeamCountry "POL"]
[BlackTeamCountry "POL"]

1. d4 d5 2. e3 e6 3. Bd3 c5 4. c3 c4 5. Bc2 b5 6. Nf3 Nc6 7. 0-0 Bd6 8. e4 Nge7 9. Be3 0-0 10. e5 Bc7 11. Nbd2 Ng6 12. g3 a5 13. h4 f5 14. exf6 Qxf6 15. h5 Nge7 16. Kg2 h6 17. Nh4 e5 18. dxe5 Bxe5 19. f4 Bc7 20. Ng6 Nxg6 21. Bxg6 Bf5 22. Bxf5 Qxf5 23. g4 Qd3 24. Rf3 Rfe8 25. Nf1 Qe4 26. Ng3 Qe6 27. Nf5 Ne7 28. Nxe7+ Rxe7 29. Kh3 Qe4 30. Bc5 Rf7 31. f5 Kh7 32. Re3 Qf4 33. Qe2 Re8 34. Rh1 Re4 35. Qf3 Rxe3 36. Qxe3 Qxe3+ 37. Bxe3 Re7 38. Bc1 Re2 39. g5 hxg5 40. Kg4 Rg2+ 41. Kf3 Rg3+ 42. Ke2 Bf4 43. Bxf4 gxf4 44. Rh2 Rg5 45. Kf3 Rxf5 46. Kg4 Rf7 47. Rf2 Kh6 48. Rf3 Re7 49. Rxf4 Re4 50. Kf3 Rxf4+ 51. Kxf4 Kxh5 52. Ke5 g5 53. Kxd5 Kh4 54. Kc5 g4 55. Kxb5 g3 56. Kxa5 g2 57. Kb4 g1Q 58. Kxc4 Qg8+ 59. Kc5 Qxa2 60. b4 Qa7+ 61. Kb5 Qb7+ 62. Kc5 Qc7+ 63. Kd4 Kg5 64. b5 Kf5 65. c4 Qe5+ 66. Kd3 Qc5 67. Kc3 Ke4 68. Kb3 Kd4 69. Ka4 Qxc4+ 70. Ka5 Kd5 71. Kb6 Kd6 72. Ka6 Kc5 0-1

[Event "POL-chT3 Podkarpackie"]
[Site "Czudec"]
[Date "2016.05.27"]
[Round "1.24"]
[White "Trybowska, Barbara"]
[Black "Starzec, Klaudia"]
[Result "0-1"]
[WhiteElo "1668"]
[BlackElo "1275"]
[PlyCount "62"]
[EventDate "2016.05.27"]
[EventType "team-tourn"]
[EventRounds "9"]
[EventCountry "POL"]
[SourceTitle "EXT 2018"]
[Source "ChessBase"]
[SourceDate "2017.10.13"]
[SourceVersion "1"]
[SourceVersionDate "2017.10.13"]
[SourceQuality "1"]
[WhiteTeam "Rzeszow RzKSz"]
[BlackTeam "Sedziszow Malopolski"]
[WhiteTeamCountry "POL"]
[BlackTeamCountry "POL"]

1. e4 c6 2. d4 d5 3. exd5 cxd5 4. Nf3 Nf6 5. Nc3 e6 6. a3 Be7 7. Bf4 a6 8. Bd3 Nc6 9. 0-0 0-0 10. Re1 b5 11. Ne2 Bb7 12. Ng3 Bd6 13. Be5 Bxe5 14. dxe5 Nd7 15. c3 f5 16. exf6 Qxf6 17. Bxh7+ Kxh7 18. Rxe6 Qd8 19. Qd3+ Kg8 20. Nh5 Nc5 21. Qg6 Nxe6 22. Qxe6+ Rf7 23. Re1 Qd7 24. Qg6 Qf5 25. Re6 Qxg6 26. Rxg6 Re8 27. Rg5 d4 28. Kf1 d3 29. Rg6 Ne5 30. Nxe5 Rxe5 31. Rd6 Rxh5 0-1